Quebonafide - PÓŁNOC/POŁUDNIE - Statystyki

Ogólne statystyki
  • Ten quiz został rozwiązany 14 razy
  • Średni wynik to 8 z 22
Statystyki odpowiedzi
PÓŁNOC/POŁUDNIE % Poprawnych
PÓŁNOĆ/POŁUDNIE
100%
TRAWA
73%
MELISA
64%
NORADRENALINA
64%
WKRÓTCE
55%
NIE ŻYCZĘ CI ŹLE
45%
WIELKA PRZYJEMNOŚĆ
45%
CHEMICZNY BALANS
36%
CZARNE PLAŻE, BIAŁE LWY
36%
IGŁY, SOCZEWKI, SAMOLOTY
36%
MANIA
36%
STATEK Z LEGO
36%
GLUTOCHOROBA
27%
KRACH
27%
NATRĘTNE MYŚLI
27%
PO BURZY WYJDZIE ŚŁOŃCE
27%
PRELUDIUM
27%
DIAGNOZA
18%
ECHO
18%
KC, LECZ... BEZ PRZESADY
18%
ARIA ROZSTROJU
0%
SOJUSZ
0%
Nie znaleziono quizów pasujących do podanych kryteriów
Rozkład punktacji
Procent ludzi z każdym wynikiem
Percentyl według liczby udzielonych odpowiedzi
Twoja historia wyników
Nie rozwiązałeś tego quizu